000 00439nam a2200181Ia 4500
001 5173
005 20260306145849.0
008 260306t1998||||xx |||||||||||||| ||spa||
041 _aESP
082 _a336.85
_bW78
100 _aWong Cam, David
_eAUT
245 0 _aFinanzas corporativas:
_bUn enfoque para el Perú
260 _c1998
300 _a277 páginas :
_c21 cm.
650 _aGEN
654 _aCAN
942 _cLIB
_dJUS
_fJUS
_2ddc
_n
999 _c5173
_d5173